Imagining Punjab, Punjabi and Punjabiat in the transnational era (Record no. 580472)

MARC details
000 -LEADER
fixed length control field 00643nam a2200229Ia 4500
003 - CONTROL NUMBER IDENTIFIER
control field OSt
005 - DATE AND TIME OF LATEST TRANSACTION
control field 20220925223822.0
008 - FIXED-LENGTH DATA ELEMENTS--GENERAL INFORMATION
fixed length control field 220923b |||||||| |||| 00| 0 eng d
020 ## - INTERNATIONAL STANDARD BOOK NUMBER
International Standard Book Number 9781138886759
037 ## - SOURCE OF ACQUISITION
Terms of availability General Book
040 ## - CATALOGING SOURCE
Original cataloging agency RTL
Transcribing agency RTL
Language of cataloging eng
041 ## - LANGUAGE CODE
Source of code eng
Language code of text/sound track or separate title eng
100 ## - MAIN ENTRY--PERSONAL NAME
Personal name ROY Anjali Gera
9 (RLIN) 31905
245 #0 - TITLE STATEMENT
Title Imagining Punjab, Punjabi and Punjabiat in the transnational era
260 ## - PUBLICATION, DISTRIBUTION, ETC.
Place of publication, distribution, etc. London
Name of publisher, distributor, etc. Routledge
Date of publication, distribution, etc. 2105
300 ## - PHYSICAL DESCRIPTION
Extent x,105p
Dimensions cm.
942 ## - ADDED ENTRY ELEMENTS (KOHA)
Classification part Y:1.243, Q5
Koha item type General Books
Source of classification or shelving scheme Colon Classification (CC)
Holdings
Withdrawn status Lost status Damaged status Not for loan Home library Current library Date acquired Total Checkouts Full call number Barcode Date last seen Price effective from Koha item type
        Ratan Tata Library Ratan Tata Library 2022-09-25   Y:1.243 Q5 RT1331677 2022-09-25 2022-09-25 General Books
Copyright @ Delhi University Library System